000 00299nam a2200121Ia 4500
008 190722s9999 xx 000 0 und d
020 _a978-81-315-1906-6
100 _aEffy Oz
245 0 _aManagement Information Systems
260 _aNew Delhi
_bCengage Learning
_c2009
300 _a564
942 _cBK
999 _c153
_d153